000 01063nas a2200361 4500
001 BR0404245
003 BR-BrBNA
005 20231205104800.0
007 ta
008 230509b bl.|||p| |||| 00| 00por d
040 _aBR-BrBNA
_bpor
_cBiblioteca Nacional de Agricultura
041 _a(Pt)
072 _aH50; F01
100 1 _aBrackmann, A.
100 1 _aSteffens, C.A.
100 1 _aGiehl, R.F.H.
245 1 _aMaturação da maçã 'Fuji' em função do atraso na colheita e da aplicação pré-colheita de aminoetoxivinilglicina
650 _aMAÇÃ
650 _aVARIEDADE
650 _aMATURAÇÃO
650 _aPÓS-COLHEITA
650 _aPRÉ-COLHEITA
650 _aDISTÚRBIO FISIOLÓGICO
650 _aQUEDA DOS FRUTOS
650 _aRESPOSTA DA PLANTA
650 _aETILENO
650 _aPRODUÇÃO VEGETAL
650 _aCOR
650 _aQUALIDADE
773 0 _tCiência Rural (Brazil)
_xISSN 0103-8478
_g(May-Jun 2004), v. 34(3) p. 737-742
_wBR0404245
909 _a202311
_bLúcia
_c55
_dLúcia Elande
942 _2AGRIS
_n0
_cANA
999 _c179669
_d179669